Habitaciones económicas (Record no. 38126)
[ view plain ]
| 000 -LEADER | |
|---|---|
| campo de control de longitud fija | 00761nam a2200217 i 4500 |
| 001 - NÚMERO DE CONTROL | |
| campo de control | 38126 |
| 003 - IDENTIFICADOR DE NÚMERO DE CONTROL | |
| campo de control | ES-MaACL |
| 005 - FECHA Y HORA DE LA ÚLTIMA TRANSACCIÓN | |
| campo de control | 20230913171738.0 |
| 007 - CAMPO FIJO DE DESCRIPCIÓN FÍSICA--INFORMACIÓN GENERAL | |
| campo de control de longitud fija | t| |
| 008 - DATOS DE LONGITUD FIJA--INFORMACIÓN GENERAL | |
| campo de control de longitud fija | 030224s1904 sp ||||1| spa d |
| 080 ## - NÚMERO DE LA CLASIFICACIÓN DECIMAL UNIVERSAL | |
| Número de la Clasificación Decimal Universal | 728.1.035 |
| 100 1# - ENTRADA PRINCIPAL--NOMBRE DE PERSONA | |
| Nombre de persona | Cabello y Lapiedra, Luis María. |
| 9 (RLIN) | 33183 |
| 245 10 - MENCIÓN DEL TÍTULO | |
| Título | Habitaciones económicas |
| Resto del título | : consideraciones relativas a este importante asunto / |
| Mención de responsabilidad, etc. | dedicado al Congreso Internacional por Luis Mª Cabello y Lapiedra. |
| 260 ## - PUBLICACIÓN, DISTRIBUCIÓN, ETC. | |
| Lugar de publicación, distribución, etc. | Madrid : |
| Nombre del editor, distribuidor, etc. | [s.n.], |
| Fecha de publicación, distribución, etc. | 1904 ( |
| Fabricante | M. Romero) |
| 300 ## - DESCRIPCIÓN FÍSICA | |
| Extensión | 36 p. ; |
| Dimensiones | 26 cm. |
| 650 #4 - PUNTO DE ACCESO ADICIONAL DE MATERIA--TÉRMINO DE MATERIA | |
| Término de materia o nombre geográfico como elemento de entrada | Viviendas de protección oficial. |
| 9 (RLIN) | 149608 |
| 711 2# - ENTRADA AGREGADA--NOMBRE DE REUNIÓN | |
| Nombre de congreso/reunión o jurisdicción como elemento de entrada | Congreso Internacional de Arquitectos ( |
| Número del congreso/reunión o número de parte o sección | 6º. |
| Fecha del congreso o de la firma del tratado | 1904. |
| Sede del congreso/Lugar de la reunión | Madrid) |
| 9 (RLIN) | 410 |
| 852 4# - LOCALIZACIÓN | |
| Ubicación | ES-MaACL |
| Número de control de estantería | T-1030-F-4 |
| 942 ## - ELEMENTOS DE ENTRADA SECUNDARIOS (KOHA) | |
| Fuente del sistema de clasificación o colocación | Clasificación decimal universal |
| Estatus retirado | Estado de pérdida | Estado de daño | No para préstamo | Colección | Biblioteca de origen | Biblioteca actual | Ubicación en estantería | Fecha de adquisición | Fuente de adquisición | Total de préstamos | Signatura topográfica completa | Código de barras | Visto por última vez | Precio de reemplazo | Tipo de ítem Koha |
|---|---|---|---|---|---|---|---|---|---|---|---|---|---|---|---|
| Colección de folletos | Biblioteca del Ateneo de Madrid | Biblioteca del Ateneo de Madrid | Depósito folletos | 17/01/2008 | T-1030-F-4 | 1040138 | 23/02/2023 | 23/02/2023 | Folleto |
